000 00521nam a2200205Ia 4500
005 20240423095327.0
008 131103s9999 xx 000 0 und d
020 _a9810120230
040 _aLoreto College
041 _aEnglish
082 _a425
_bSMI
100 _aSmithback, Ching Yee
245 _aFun with idioms
_cChing Yee Smithback and John
260 _aSingapore
_bFederal pub.
_c1990
300 _aV.3
_b ill.
650 _aEnglish language
651 _aEnglis grammer
850 _aLCBED
942 _cBK
999 _c27653
_d78132